| 000 | 00844nam a22003017a 4500 | ||
|---|---|---|---|
| 001 | BR2013009400 | ||
| 003 | BR-BrBNA | ||
| 005 | 20230928104321.0 | ||
| 007 | ta | ||
| 008 | 230509b bl.||||| |||| 00| 0 por d | ||
| 040 |
_aBR-BrBNA _bpor _cBiblioteca Nacional de Agricultura |
||
| 041 | _a(Por) | ||
| 072 | _aK01 | ||
| 090 | _ K01 BR2013009400 | ||
| 100 | 1 | _aAngelo, A.C. | |
| 100 | 1 | _aCorso, N.M. | |
| 100 | 1 | _aTorres, P.L. | |
| 110 | 1 |
_aServiço Nacional de Aprendizagem Rural, Curitiba, PR (Brasil) _99365 |
|
| 245 | 1 | _aTrabalhador em florestamento essências florestais nativas: vegetação ciliar | |
| 260 | 3 |
_aCuritiba, PR (Brasil): _c2007. |
|
| 300 | _a117 p. | ||
| 650 | _aMATA CILIAR | ||
| 650 | _aESPÉCIE NATIVA | ||
| 650 | _aFORMIGA | ||
| 650 | _aPLANTIO | ||
| 909 |
_a202309 _bLucia _c55 _dLucia Elande |
||
| 942 | _cBK | ||
| 999 |
_c79260 _d79260 |
||